00826nam a2200253 a 4500001001300000003000900013005001700022008004100039020002300080082001600103100001600119245005500135260005000190300000900240500003500249505006900284650002200353650003200375700001600407902000800423942000700431952011700438999001700555nice12345678IN_TiNIC20260116014035.0050524s2004 cama grp 000 0 eng  a0521325 c89500a956.94bPAP aPappe, Ilan aHistory of Modern Palestine, One Land, Two Peoples aCambridge bCambridge University Press c2004 a333p aincludes index and biblioraphy2 aNotes, Bibliography, Glossary of Names, Glossary of Terms, Index aPalestine-History aArab-Israel Conflict-Claims1 aPappe, Ilan bSRS cBK 001040708StackRoom-aHMIbHMId2008-01-25g895.00l0o956.94 PAPp020863r2008-01-25v895.00w2005-05-24yBK c13626d13626